03825nam a2200373 a 4500003000500000005001700005007000300022008004100025020001800066040002300084050002500107082002600132245014900158250001700307264004400324300007600368336002700444337002700471338002800498504002800526505077800554520180001332650002603132650003403158650002903192650002103221650003003242650002403272700003103296700002903327700002803356700003803384700002903422CHAP20230517172647.0ta230517s2018 njuado|fr|||| 001 0 eng d a9781119049012 amxchpuacCHAPerda10aQP144.F85b.M53 201800a576.163bM53 201822010aMicrobial functional foods and nutraceuticals /ceditores Vijai K. Gupta, Helen Treichel, Volha Shapaval, Luiz Antonio de Oliveira y Maria Tuohy a1a edición aHoboken, NJ :bJohn Wiley & Sons,c2018 ax, 309 páginas :bilustraciones, gráficas, diagramas, tablas, fotos 2rdacontentatextobtxt 2rdamediaasin mediobn 2rdacarrieravolumenbnc aIncluye bibliografías aMicroalgae as a sustainable source of nutraceuticals -- Functional foods from cyanobacteria : an emerging source for functional food products of pharmaceutical importance -- Seaweed carotenoid, fucoxanthin, as functional food -- Functional foods from mushroom -- Microbial production of organic acids -- Microbes as a source for the production of food ingredients -- Microbial xanthan, levan, gellan, and curdlan as food additives -- Microbial fibrinolytic enzyme production and applications -- Microbial products maintain female homeostasis -- Production of high-quality probiotics by fermentation -- Probiotics and their health benefits -- Nutritional potential of auricularia auricula-judaeÿand termitomyces umkowaan : the wild edible mushrooms of South-Western India.2 aMicrobial technology plays a key role in the improvement of biotechnology, cosmeceuticals, and biopharmaceutical applications. It has turned into a subject of expanding significance because new microbes and their related biomolecules are distinguished for their biological activity and health benefits. Encompassing both biotechnology and chemical engineering, Microbial Functional Foods and Nutraceuticals brings together microbiology, bacteria, and food processing/mechanization, which have applications for a variety of audiences. Pharmaceuticals, diagnostics, and medical device development all employ microbial food technology. The book addresses the recent advances in microbial functional foods and associated applications, providing an important reference work for graduates and researchers. It also provides up-to-date information on novel nutraceutical compounds and their mechanisms of action—catering to the needs of researchers and academics in food science and technology, microbiology, chemical engineering, and other disciplines who are dealing with microbial functional foods and related areas. Microbial Functional Foods and Nutraceuticals is: Ground-breaking: Includes the latest developments and research in the area of microbial functional foods and nutraceuticals Multidisciplinary: Applicable across food science and technology, microbiology, biotechnology, chemical engineering, and other important research fields Practical and academic: An important area of both academic research and new product development in the food and pharmaceutical industries Microbial Functional Foods and Nutraceuticals is an ideal resource of information for biologists, microbiologists, bioengineers, biochemists, biotechnologists, food technologists, enzymologists, and nutritionists.13aAlimentos funcionales13aMicroorganismos benéficos 13aSuplementos dietéticos13aFunctional foods13aBeneficial microorganisms13aDietary supplements1 aGupta, Vijai Kumareeditor1 aTreichel, Heleneeditora1 aShapaval, Volhaeeditor1 aOliveira, Luiz Antonio deeeditor1 aTuohy, Maria G.eeditora